Normal view
MARC view
- Abelkedo, Rocelia D.
Entry Personal Name
001 - CONTROL NUMBER
- control field: 61543
003 - CONTROL NUMBER IDENTIFIER
- control field: OSt
005 - DATE AND TIME OF LATEST TRANSACTION
- control field: 20240924094711.0
008 - FIXED-LENGTH DATA ELEMENTS
- fixed length control field: 240924|| aca||aabn | a|a d
040 ## - CATALOGING SOURCE
- Original cataloging agency: OSt
- Transcribing agency: OSt
100 ## - HEADING--PERSONAL NAME
- Personal name: Abelkedo, Rocelia D.
- Relator term: author.
670 ## - SOURCE DATA FOUND
- Source citation: Work cat.: (OSt): Abelkedo, Rocelia D. author., A lesson plan in science & health /, June 2018.
